000 00892nam a2200181 i 4500
001 189950
003 ES-MaACL
005 20250902073149.0
008 200221s1970 sp |||| | spa d
245 0 0 _aElectricidad
_b: Ordenanzas de Trabajo para las Industrias de Producción, Transformación, Transporte, Transmisión y Distribución de Energía Eléctrica. Orden del Ministerio de Trabajo 30 de julio de 1970 y Ordenanza de Trabajo para las Industrias de Producción, Transformación, Transporte, Transmisión y Distribución de Energía Eléctrica.
260 _aMadrid :
_bGarcía Enciso,
_c[1970]
300 _a88 p. ;
_c16 cm.
490 1 _aColección García Enciso
650 4 _aTrabajadores de la industria eléctrica-
_xEstatuto jurídico-
_zEspaña.
_9169674
830 0 0 _aColección "García Enciso"
_9176884
852 1 _aBA
_jP-1332-32
999 _c189950
_d189950